Most Spoken Languages in China - Statistics

General Stats
  • This quiz has been taken 72 times
  • The average score is 3 of 5
Answer Stats
Hint Answer % Correct
1.4 Billion Chinese
93%
200 Million Cantonese
72%
95 Million English
58%
32 Million Russian
33%
12 Million Portuguese
13%
No matching quizzes found
Score Distribution
Percent of People with Each Score
Percentile by Number Answered
Your Score History
You have not taken this quiz